Harmonizácia legislatívnej úpravy spotrebných daní v členských krajinách Európskej únie diplomová práca

Saved in:
Bibliographic Details
Main Author: Vargová, Daša
Corporate Author: Národohospodárska fakulta EU. Katedra financií
Other Authors: Borodovčák, Michal
Format: Book
Language:Slovak
Published: Bratislava 2009
Tags: Add Tag
No Tags, Be the first to tag this record!

MARC

LEADER 00000nam$a2200000$$$4500
001 0096892
005 20240318141341.9
041 0 |a slo 
044 |a SK 
245 1 0 |a Harmonizácia legislatívnej úpravy spotrebných daní v členských krajinách Európskej únie  |b diplomová práca  |c Daša Vargová ; škol. Michal Borodovčák 
264 1 |a Bratislava  |c 2009 
300 |a 79 s. 
100 1 |a Vargová, Daša 
700 1 |a Borodovčák, Michal 
710 2 |a Národohospodárska fakulta EU. Katedra financií